| 000 | 00932cam a22002774a 4500 | ||
|---|---|---|---|
| 001 | 13380310 | ||
| 003 | cuc123 | ||
| 005 | 20251209112856.0 | ||
| 008 | 031022s2004 enka b 001 0 eng | ||
| 010 | _a 2003063526 | ||
| 020 | _a0273678396 | ||
| 040 |
_aDLC _cDLC _dDLC |
||
| 042 | _apcc | ||
| 050 | 0 | 0 |
_aHF1416 _b.H65 2004 |
| 082 | 0 | 0 |
_a658.8/4 _222 |
| 100 | 1 | _aHollensen, Svend. | |
| 245 | 1 | 0 |
_aGlobal marketing : _ba decision-oriented approach / _cSvend Hollensen. |
| 250 | _a3rd ed. | ||
| 260 |
_aHarlow, England : _bFinancial Times ; _bPrentice Hall, _c2004. |
||
| 300 |
_axxxix, 717 p. : _bcol. ill. ; _c27 cm. |
||
| 504 | _aIncludes bibliographical references and index. | ||
| 650 | 0 | _aExport marketing. | |
| 906 |
_a7 _bcbc _corignew _d1 _eocip _f20 _gy-gencatlg |
||
| 942 |
_2lcc _cBK _n0 |
||
| 999 |
_c8508 _d8508 |
||